| 000 | 003870000a22001690004500 | ||
|---|---|---|---|
| 003 | MACL | ||
| 005 | 20160106115607.0 | ||
| 008 | 160106b xxu||||| |||| 00| 0 eng d | ||
| 040 |
_aMACL _cMACL |
||
| 041 | _aEnglish | ||
| 082 | _a823/WEL | ||
| 100 |
_aWells, H G _98869 |
||
| 245 | _aKipps | ||
| 260 |
_bBouverie House _aLondon |
||
| 650 |
_aStories _928463 |
||
| 942 |
_cBK _k823/wel _2ddc |
||
| 999 |
_c36653 _d36653 |
||